Moravské mincovnictví 13. století : vývoj peněžně ekonomických vztahů na Moravě 13. století /

Hlavní autor: Sejbal, Jiří, 1929-2004
Další autoři: Grossmannová, Dagmar, 1973-, Krejčík, Tomáš, 1951-
Jazyk: Čeština
Vydáno: Plzeň : Vydavatelství a nakladatelství Aleš Čeněk, 2008
Témata:
Externí odkaz: Digitalizovaný dokument
Fyzický popis: 330 s. : il. ; 23 cm
Language note: Německé resumé
Knihy
Uloženo v:
LEADER 02007nam a2200517 a 4500
001 nkc20102131393
003 CZ PrNK
005 20110601084625.0
007 ta
008 101014s2008 xr a f 000 0 cze
015 |a cnb002131393 
020 |a 978-80-7380-208-0  |q (brož.) 
035 |a (OCoLC)730406029 
040 |a ABA001  |b cze 
041 0 |a cze  |b ger 
043 |a e-xr---  |b e-xr-mr  |2 czenas 
045 |a q-q- 
072 7 |a 671  |x Předměty z drahých kovů  |2 Konspekt  |9 19 
080 |a 671.41  |2 MRF 
080 |a 737.1  |2 MRF 
080 |a 671.4  |2 MRF 
080 |a (437.32)  |2 MRF 
080 |a (048.8)  |2 MRF 
100 1 |a Sejbal, Jiří,  |d 1929-2004  |7 jk01110672  |4 aut 
245 1 0 |a Moravské mincovnictví 13. století :  |b vývoj peněžně ekonomických vztahů na Moravě 13. století /  |c Jiří Sejbal ; k tisku připravili Dagmar Grossmannová a Tomáš Krejčík 
260 |a Plzeň :  |b Vydavatelství a nakladatelství Aleš Čeněk,  |c 2008 
300 |a 330 s. :  |b il. ;  |c 23 cm 
504 |a Obsahuje bibliografii a bibliografické odkazy 
546 |a Německé resumé 
648 7 |a 13. století  |7 ch460551  |2 czenas 
650 0 7 |a mince  |7 ph115319  |z Česko  |y 13. století  |2 czenas 
650 0 7 |a mincovnictví  |7 ph122884  |z Česko  |y 13. století  |2 czenas 
650 0 9 |a coins  |z Czechia  |y 13th century  |2 eczenas 
650 0 9 |a coinage  |z Czechia  |y 13th century  |2 eczenas 
651 7 |a Morava (Česko)  |7 ge130070  |2 czenas 
651 9 |a Moravia (Czechia)  |2 eczenas 
655 7 |a monografie  |7 fd132842  |2 czenas 
655 9 |a monographs  |2 eczenas 
700 1 |a Grossmannová, Dagmar,  |d 1973-  |7 xx0035351  |4 edt 
700 1 |a Krejčík, Tomáš,  |d 1951-  |7 jn19990209424  |4 edt 
856 4 1 |u http://www.digitalniknihovna.cz/mzk/uuid/uuid:ace37de0-9163-11e8-9690-005056827e51  |y Digitalizovaný dokument  |x NDK 
910 2 |a BOA001  |b 2-1266.116 
990 |a BK 
995 |a 01 
991 |b 201105  |c NOV  |e n 
996 6 |b 2610477564  |c 2-1266.116  |l MZK  |r Sklad / do 1 hodiny  |n 8  |p p.v.  |w 001177859  |u 000010  |a 1  |e BOA001  |j MZK50  |s P